| 000 | 00540nam a22001577a 4500 | ||
|---|---|---|---|
| 082 |
_a620.11 _bKHA |
||
| 100 |
_aKhan, Ayesha (361388) _9120020 |
||
| 245 | _aUnlocking the Potential of Passive Cooling: A Comprehensive Experimental Study of PV/PCM/TEC Hybrid System for Enhanced Photovoltaic Performance / | ||
| 264 |
_aIslamabad : _bUSPCAS-E, NUST _cNovember, 2023. |
||
| 300 |
_axii, 61 p. _e+CD |
||
| 520 | _aTH-549 | ||
| 650 | _aMS ESE Thesis | ||
| 650 |
_aMS Thesis _918721 |
||
| 700 |
_aDr. Nadia Shahzad _9117122 |
||
| 942 |
_2ddc _cTHE |
||
| 999 |
_c607476 _d607476 |
||